[Event "Titled Tuesday intern op 30th Apr Early"]
[Site "Chess.com INT"]
[Date "2024.04.30"]
[Round "8"]
[White "Gordon, Frederick"]
[Black "Sanhueza, Cristian"]
[Result "1/2-1/2"]
[WhiteElo "2362"]
[BlackElo "2235"]
[PlyCount "97"]
[EventDate "2024.04.30"]
[EventType "swiss (blitz)"]
[EventRounds "11"]
[EventCountry "USA"]
[SourceTitle "CB19_2024"]
[SourceDate "2024.05.08"]
[SourceVersion "1"]
[SourceVersionDate "2024.05.08"]
[SourceQuality "1"]

1. d4 Nf6 2. c4 g6 3. Nc3 Bg7 4. e4 d6 5. Nf3 0-0 6. Be2 e5 7. Be3 exd4 8. Nxd4 Re8 9. f3 Nc6 10. Qd2 Nh5 11. 0-0-0 Nf4 12. Nxc6 Nxe2+ 13. Nxe2 bxc6 14. Bd4 Bxd4 15. Nxd4 c5 16. Nc2 Be6 17. Ne3 a5 18. h4 a4 19. Nd5 a3 20. b3 Bxd5 21. cxd5 Qf6 22. Kb1 c4 23. Qd4 Qxd4 24. Rxd4 cxb3 25. axb3 a2+ 26. Ka1 Reb8 27. Rd3 Ra3 28. Rc1 Rb7 29. Kb2 Ra8 30. Ra1 Rba7 31. Rd4 Kg7 32. g4 h5 33. gxh5 gxh5 34. Rd2 Kf6 35. f4 Rg8 36. Kc3 Rg3+ 37. Kd4 Rxb3 38. Raxa2 Rab7 39. Rdc2 Rf3 40. Rc4 Rxf4 41. Rac2 Rxh4 42. Rxc7 Rxc7 43. Rxc7 Rh1 44. Rd7 Rd1+ 45. Ke3 Ke5 46. Re7+ Kf6 47. Rd7 Ke5 48. Re7+ Kf6 49. Rd7 1/2-1/2

[Event "Titled Tuesday intern op 30th Apr Early"]
[Site "Chess.com INT"]
[Date "2024.04.30"]
[Round "1"]
[White "Kirillov, Andrey"]
[Black "Sanhueza, Cristian"]
[Result "1-0"]
[WhiteElo "2352"]
[BlackElo "2235"]
[PlyCount "97"]
[EventDate "2024.04.30"]
[EventType "swiss (blitz)"]
[EventRounds "11"]
[EventCountry "USA"]
[SourceTitle "CB19_2024"]
[SourceDate "2024.05.08"]
[SourceVersion "1"]
[SourceVersionDate "2024.05.08"]
[SourceQuality "1"]

1. e4 e5 2. Nf3 Nc6 3. Bb5 a6 4. Ba4 Nf6 5. 0-0 Nxe4 6. d4 b5 7. Bb3 d5 8. dxe5 Be6 9. Nbd2 Nc5 10. Re1 Be7 11. h3 0-0 12. a4 Nxb3 13. Nxb3 b4 14. Bd2 a5 15. Be3 Nb8 16. Bc5 Nd7 17. Qd4 c6 18. c3 bxc3 19. Qxc3 Nxc5 20. Nxc5 Qb6 21. Rac1 Rab8 22. Nd4 Qxc5 23. Qxc5 Bxc5 24. Rxc5 Rxb2 25. Nxc6 Ra8 26. Ra1 Kf8 27. Nxa5 d4 28. Rd1 Rb4 29. Nc6 Rbxa4 30. Nxd4 R8a7 31. Nxe6+ fxe6 32. Rd6 Re7 33. Kh2 Kf7 34. Kg3 Ra3+ 35. f3 h6 36. h4 h5 37. Rd4 Ra2 38. Rf4+ Kg8 39. Rc8+ Kh7 40. Rff8 Re2 41. Rh8+ Kg6 42. Rc5 Ra7 43. Re8 Ra6 44. Re7 Rd2 45. Rcc7 Ra5 46. Rxg7+ Kh6 47. Rh7+ Kg6 48. Rcg7+ Kf5 49. Rxh5# 1-0

[Event "Titled Tuesday intern op 30th Apr Early"]
[Site "Chess.com INT"]
[Date "2024.04.30"]
[Round "2"]
[White "Sanhueza, Cristian"]
[Black "Novak, Ratko"]
[Result "0-1"]
[WhiteElo "2235"]
[BlackElo "2034"]
[PlyCount "130"]
[EventDate "2024.04.30"]
[EventType "swiss (blitz)"]
[EventRounds "11"]
[EventCountry "USA"]
[SourceTitle "CB19_2024"]
[SourceDate "2024.05.08"]
[SourceVersion "1"]
[SourceVersionDate "2024.05.08"]
[SourceQuality "1"]

1. e4 d5 2. exd5 c6 3. c4 cxd5 4. d4 Nf6 5. Nc3 Nc6 6. Bg5 e6 7. Nf3 Bb4 8. Bd3 h6 9. Bh4 Qa5 10. Qd2 Ne4 11. Bxe4 dxe4 12. Ng1 g5 13. Bg3 0-0 14. Nge2 f5 15. h4 f4 16. Bh2 Rd8 17. hxg5 f3 18. gxf3 exf3 19. gxh6 fxe2 20. Rg1+ Kh8 21. Qf4 Bxc3+ 22. Kxe2 Nxd4+ 23. Kf1 Nf5 24. bxc3 Qxc3 25. Rc1 Qd3+ 26. Ke1 Qd4 27. Qxd4+ Nxd4 28. Be5+ Kh7 29. Rg7+ Kxh6 30. Rc3 Nc2+ 31. Rxc2 Rd3 32. Ke2 Rh3 33. Rd2 b6 34. Rd8 Bb7 35. Rdd7 Bf3+ 36. Kd2 Be4 37. Rdf7 Bf5 38. Rf6+ Kh5 39. f3 Rd8+ 40. Kc3 Rxf3+ 41. Kb4 a6 42. c5 a5+ 43. Kb5 bxc5 44. Kc6 Rd5 45. Rff7 Rxe5 46. Rf8 Kh6 47. Rg1 Be4+ 48. Kc7 Rxf8 49. Kd6 Rg5 50. Re1 Bf5 51. Ke7 Rfg8 52. Rh1+ Kg6 53. Re1 Rg7+ 54. Kd6 Rf7 55. Ke5 Rf6 56. Kf4 Bg4+ 57. Kg3 Bf5+ 58. Kh4 Bg4 59. a4 Rff5 60. Kg3 Rf4 61. Kh2 Rf3 62. Kg2 Bh5+ 63. Kh2 Rf4 64. Rxe6+ Kf5 65. Rc6 Rh4# 0-1

[Event "Titled Tuesday intern op 30th Apr Early"]
[Site "Chess.com INT"]
[Date "2024.04.30"]
[Round "9"]
[White "Sanhueza, Cristian"]
[Black "Vovk, Orest"]
[Result "0-1"]
[WhiteElo "2235"]
[BlackElo "2315"]
[PlyCount "62"]
[EventDate "2024.04.30"]
[EventType "swiss (blitz)"]
[EventRounds "11"]
[EventCountry "USA"]
[SourceTitle "CB19_2024"]
[SourceDate "2024.05.08"]
[SourceVersion "1"]
[SourceVersionDate "2024.05.08"]
[SourceQuality "1"]

1. e4 g5 2. d4 g4 3. Nc3 Bg7 4. Be3 h5 5. h3 c5 6. hxg4 Nc6 7. d5 Nd4 8. gxh5 d6 9. Qd2 Nh6 10. f3 Qa5 11. Nge2 Nxe2 12. Bxe2 Bd7 13. g4 b5 14. Nxb5 Qb6 15. g5 Bxb5 16. gxh6 Bf6 17. Bxb5+ Qxb5 18. c3 Rb8 19. 0-0-0 Qa5 20. a3 Rb3 21. Qc2 Qb5 22. Rhg1 Kd7 23. Rd2 Rb8 24. h7 Qc4 25. Rg8 Qf1+ 26. Qd1 Qc4 27. Rxb8 Rxb8 28. Qe2 Qa2 29. f4 Qa1+ 30. Kc2 Qxb2+ 31. Kd3 Qxc3# 0-1

[Event "Titled Tuesday intern op 16th Apr Early"]
[Site "Chess.com INT"]
[Date "2024.04.16"]
[Round "4"]
[White "Goswami, Vedant"]
[Black "Sanhueza, Cristian"]
[Result "0-1"]
[WhiteElo "2057"]
[BlackElo "2235"]
[PlyCount "138"]
[EventDate "2024.04.16"]
[EventType "swiss (blitz)"]
[EventRounds "11"]
[EventCountry "USA"]
[SourceTitle "CB17_2024"]
[SourceDate "2024.04.24"]
[SourceVersion "1"]
[SourceVersionDate "2024.04.24"]
[SourceQuality "1"]

1. d4 Nf6 2. Bf4 c5 3. c3 cxd4 4. cxd4 Nc6 5. e3 Qb6 6. Qb3 Qxb3 7. axb3 d6 8. Nc3 e5 9. dxe5 dxe5 10. Bg5 Bb4 11. Bxf6 gxf6 12. Bc4 Be6 13. Nge2 Rg8 14. 0-0 0-0-0 15. Rfd1 Na5 16. Nd5 Nxc4 17. bxc4 Bc5 18. Nec3 Kb8 19. Nxf6 Rxd1+ 20. Rxd1 Rg6 21. Nfd5 a6 22. b4 Bf8 23. c5 a5 24. bxa5 Bxc5 25. Ne4 Ba3 26. Rd3 Bf8 27. f4 Bf5 28. Ndc3 Bb4 29. Rd8+ Kc7 30. Re8 exf4 31. exf4 Rc6 32. Nd5+ Kd7 33. Rb8 Bxa5 34. Rxb7+ Kc8 35. Re7 Rc1+ 36. Kf2 Rc2+ 37. Kf3 Be6 38. Nd6+ Kd8 39. Nxf7+ Bxf7 40. Rxf7 h5 41. f5 Ke8 42. Re7+ Kf8 43. f6 Rc5 44. Nf4 Rf5 45. Ke4 Rxf6 46. Re6 Rf7 47. Re5 h4 48. Rxa5 Re7+ 49. Re5 Rb7 50. Rf5+ Kg7 51. Nd5 Rb2 52. Rg5+ Kh6 53. Rg4 Kh5 54. Nf6+ Kh6 55. Kf5 Rf2+ 56. Rf4 Rxg2 57. Rxh4+ Kg7 58. Rh7+ Kf8 59. Ng4 Rg1 60. Kg5 Ra1 61. h3 Kg8 62. Kh4 Kxh7 63. Nf2 Kg6 64. Ng4 Ra4 65. Kg3 Kg5 66. Nh2 Ra3+ 67. Nf3+ Kf5 68. h4 Rb3 69. h5 Ra3 0-1

[Event "Titled Tuesday intern op 16th Apr Early"]
[Site "Chess.com INT"]
[Date "2024.04.16"]
[Round "1"]
[White "Sanhueza, Cristian"]
[Black "Salem, AR Saleh"]
[Result "0-1"]
[WhiteElo "2235"]
[BlackElo "2629"]
[PlyCount "46"]
[EventDate "2024.04.16"]
[EventType "swiss (blitz)"]
[EventRounds "11"]
[EventCountry "USA"]
[SourceTitle "CB17_2024"]
[SourceDate "2024.04.24"]
[SourceVersion "1"]
[SourceVersionDate "2024.04.24"]
[SourceQuality "1"]

1. e4 c5 2. Nf3 d6 3. d4 cxd4 4. Nxd4 Nf6 5. Nc3 a6 6. Be3 Ng4 7. Bc1 Nf6 8. Be3 Ng4 9. Bc1 Nc6 10. h3 Nf6 11. Be3 e6 12. Bc4 Be7 13. Bb3 0-0 14. Qe2 Nxd4 15. Bxd4 b5 16. f3 b4 17. Na4 Rb8 18. 0-0-0 Qa5 19. Qe3 Nd7 20. f4 Bb7 21. f5 Bc6 22. fxe6 Bg5 23. exf7+ Kh8 0-1

[Event "Titled Tuesday intern op 06th Feb Early"]
[Site "Chess.com INT"]
[Date "2024.02.06"]
[Round "2"]
[White "Sanhueza, Cristian"]
[Black "Gelman, Alexander"]
[Result "1-0"]
[WhiteElo "2243"]
[BlackElo "2403"]
[PlyCount "65"]
[EventDate "2024.02.06"]
[EventType "swiss (blitz)"]
[EventRounds "11"]
[EventCountry "USA"]
[SourceTitle "CB07_2024"]
[SourceDate "2024.02.14"]
[SourceVersion "1"]
[SourceVersionDate "2024.02.14"]
[SourceQuality "1"]

1. e4 c5 2. Nf3 e6 3. d4 cxd4 4. Nxd4 a6 5. Be2 d6 6. 0-0 Nf6 7. Nc3 Nbd7 8. a4 b6 9. f4 Bb7 10. Bf3 Qc7 11. Qe2 Be7 12. Bd2 0-0 13. Rae1 Rac8 14. Kh1 Qc4 15. Qf2 Ba8 16. Be2 Qc5 17. Bxa6 Rcd8 18. Bd3 g6 19. Ndb5 d5 20. e5 Ne4 21. Qxc5 Ndxc5 22. Bxe4 Nxe4 23. Nxe4 dxe4 24. Be3 Bc6 25. Rd1 Ra8 26. b3 Bxb5 27. axb5 Ra2 28. Bxb6 Rxc2 29. Ba7 Rb2 30. Rb1 Rxb1 31. Rxb1 Ra8 32. b6 Bc5 33. b7 1-0

[Event "Titled Tuesday intern op 16th Jan Early"]
[Site "Chess.com INT"]
[Date "2024.01.16"]
[Round "7"]
[White "Sanhueza, Cristian"]
[Black "Aukhatov, Roman"]
[Result "1-0"]
[WhiteElo "2222"]
[BlackElo "2217"]
[PlyCount "95"]
[EventDate "2024.01.16"]
[EventType "swiss (blitz)"]
[EventRounds "11"]
[EventCountry "USA"]
[SourceTitle "CB04_2024"]
[SourceDate "2023.10.16"]
[SourceVersion "1"]
[SourceVersionDate "2023.10.16"]
[SourceQuality "1"]

1. e4 e5 2. Nf3 Nc6 3. Bc4 f5 4. d4 exd4 5. e5 d5 6. exd6 Qxd6 7. 0-0 Bd7 8. Re1+ Be7 9. Na3 0-0-0 10. Qe2 Bf6 11. Nb5 Qc5 12. Bf4 Na5 13. Bd3 Bxb5 14. Bxb5 Ne7 15. a3 Nac6 16. Ng5 Bxg5 17. Bxg5 Rde8 18. Bxc6 Nxc6 19. Qxe8+ Rxe8 20. Rxe8+ Kd7 21. Rae1 Qxc2 22. Rg8 d3 23. Rxg7+ Kd6 24. Bf4+ Kd5 25. Rxh7 Qxb2 26. h4 Kc4 27. Rd7 Qh8 28. Bg5 Qg8 29. Rc1+ Kb3 30. Rxd3+ Kb2 31. Rdc3 Qd5 32. Bf6 Ka2 33. R1c2+ Kb1 34. Rc1+ Ka2 35. R1c2+ Kb1 36. h5 Qd1+ 37. Kh2 Qxh5+ 38. Kg1 Qd1+ 39. Kh2 Qh5+ 40. Rh3 Qxh3+ 41. gxh3 Kxc2 42. h4 b5 43. h5 a5 44. h6 b4 45. axb4 axb4 46. h7 b3 47. h8Q b2 48. Bxb2 1-0

[Event "Titled Tuesday intern op 09th Jan Early"]
[Site "Chess.com INT"]
[Date "2024.01.09"]
[Round "2"]
[White "Maksimovic, Bojan"]
[Black "Sanhueza, Cristian"]
[Result "1-0"]
[WhiteElo "2497"]
[BlackElo "2222"]
[PlyCount "59"]
[EventDate "2024.01.09"]
[EventType "swiss (blitz)"]
[EventRounds "11"]
[EventCountry "USA"]
[SourceTitle "CB03_2024"]
[SourceDate "2024.01.17"]
[SourceVersion "1"]
[SourceVersionDate "2024.01.17"]
[SourceQuality "1"]

1. e4 e5 2. Nf3 Nc6 3. Bb5 a6 4. Ba4 Nf6 5. 0-0 Nxe4 6. d4 exd4 7. Re1 d5 8. Nxd4 Bd6 9. Nxc6 Bxh2+ 10. Kh1 Qh4 11. Rxe4+ dxe4 12. Qd8+ Qxd8 13. Nxd8+ Kxd8 14. Kxh2 Be6 15. c3 Ke7 16. Bf4 c6 17. Nd2 f5 18. f3 exf3 19. Nxf3 h6 20. Re1 Kf6 21. Be5+ Kf7 22. Nd4 Bxa2 23. Nxf5 Rad8 24. Nd6+ Kg6 25. Bc2+ Kh5 26. Kh3 Be6+ 27. Kg3 Rhf8 28. Bf4 Rxf4 29. Kxf4 Rxd6 30. Rh1+ 1-0

[Event "Titled Tuesday intern op 09th Jan Early"]
[Site "Chess.com INT"]
[Date "2024.01.09"]
[Round "1"]
[White "Sanhueza, Cristian"]
[Black "Garcia Correa, Jose Ricardo"]
[Result "1-0"]
[WhiteElo "2222"]
[BlackElo "2103"]
[PlyCount "55"]
[EventDate "2024.01.09"]
[EventType "swiss (blitz)"]
[EventRounds "11"]
[EventCountry "USA"]
[SourceTitle "CB03_2024"]
[SourceDate "2024.01.17"]
[SourceVersion "1"]
[SourceVersionDate "2024.01.17"]
[SourceQuality "1"]

1. e4 c5 2. Nf3 e6 3. d4 cxd4 4. Nxd4 a6 5. Be2 Qc7 6. 0-0 Nf6 7. Nc3 b5 8. Bf3 Bb7 9. e5 Ng8 10. Re1 Nc6 11. Nxc6 Bxc6 12. Bxc6 Qxc6 13. Ne4 Rc8 14. c3 Be7 15. Qg4 Kf8 16. Bg5 h6 17. Bxe7+ Nxe7 18. Nd6 Rc7 19. Qf4 f6 20. exf6 Nf5 21. fxg7+ Kxg7 22. Nxf5+ exf5 23. Re7+ Kf6 24. Rae1 Qc5 25. Qh4+ Kg6 26. Qg3+ Kh5 27. Rg7 f4 28. Qh3# 1-0

[Event "Titled Tuesday intern op 09th Jan Early"]
[Site "Chess.com INT"]
[Date "2024.01.09"]
[Round "8"]
[White "Sanhueza, Cristian"]
[Black "Gokerkan, Cem Kaan"]
[Result "1/2-1/2"]
[WhiteElo "2222"]
[BlackElo "2523"]
[PlyCount "122"]
[EventDate "2024.01.09"]
[EventType "swiss (blitz)"]
[EventRounds "11"]
[EventCountry "USA"]
[SourceTitle "CB03_2024"]
[SourceDate "2024.01.17"]
[SourceVersion "1"]
[SourceVersionDate "2024.01.17"]
[SourceQuality "1"]

1. e4 e5 2. Nf3 Nf6 3. Nxe5 d5 4. d4 Nxe4 5. Bd3 Nd7 6. Nxd7 Bxd7 7. 0-0 Bd6 8. c4 0-0 9. c5 Be7 10. Nc3 Nxc3 11. bxc3 b6 12. cxb6 axb6 13. Qh5 f5 14. Bf4 c6 15. Rfe1 Bf6 16. Bxf5 g6 17. Bxg6 hxg6 18. Qxg6+ Bg7 19. Be5 Rf7 20. Re3 Qh4 21. Rg3 Qh7 22. Qg5 Kh8 23. Re1 Rg8 24. Bxg7+ Rfxg7 25. Qf6 Qh5 26. h3 Kh7 27. Re5 Qh6 28. Rxg7+ Rxg7 29. Qf3 Qg6 30. Kh2 Qd6 31. g3 Be8 32. h4 Bg6 33. Rg5 Be4 34. Rxg7+ Kxg7 35. Qg4+ Qg6 36. Qd7+ Qf7 37. Qxf7+ Kxf7 38. a3 Kf6 39. g4 Bc2 40. Kg3 c5 41. Kf4 Bd1 42. g5+ Ke6 43. dxc5 bxc5 44. g6 Kf6 45. f3 Kxg6 46. a4 Bxa4 47. Ke5 Bb3 48. f4 Kf7 49. h5 Bc2 50. Kxd5 Bd1 51. h6 Kg6 52. Kxc5 Kxh6 53. Kd6 Kg6 54. Ke5 Kf7 55. c4 Ba4 56. c5 Be8 57. Kd6 Ba4 58. c6 Bxc6 59. Kxc6 Ke6 60. Kc5 Kf5 61. Kd4 Kxf4 1/2-1/2

[Event "Titled Tuesday intern op 09th Jan Early"]
[Site "Chess.com INT"]
[Date "2024.01.09"]
[Round "5"]
[White "Sychev, Klementy"]
[Black "Sanhueza, Cristian"]
[Result "0-1"]
[WhiteElo "2542"]
[BlackElo "2222"]
[PlyCount "106"]
[EventDate "2024.01.09"]
[EventType "swiss (blitz)"]
[EventRounds "11"]
[EventCountry "USA"]
[SourceTitle "CB03_2024"]
[SourceDate "2024.01.17"]
[SourceVersion "1"]
[SourceVersionDate "2024.01.17"]
[SourceQuality "1"]

1. e4 e5 2. Nc3 Nf6 3. f4 d5 4. fxe5 Nxe4 5. Qf3 Nc6 6. Bb5 Nxc3 7. dxc3 Bc5 8. Qg3 a6 9. Bxc6+ bxc6 10. Nf3 g6 11. Bg5 Be7 12. 0-0 Be6 13. Rad1 0-0 14. Bxe7 Qxe7 15. Ng5 f6 16. exf6 Rxf6 17. Qe5 Raf8 18. Rxf6 Rxf6 19. Re1 Qc5+ 20. Kh1 Qf2 21. h3 Bf7 22. Nxf7 Rxf7 23. Re3 Qxc2 24. Qe8+ Kg7 25. Qe5+ Kg8 26. Qe6 Qf5 27. Qe8+ Kg7 28. Qe5+ Qxe5 29. Rxe5 Rf2 30. c4 Rxb2 31. cxd5 cxd5 32. Rxd5 Rxa2 33. Rd7+ Kf6 34. Rxc7 h5 35. Rc6+ Kf5 36. Kh2 h4 37. Rc5+ Kf6 38. Rc6+ Kg7 39. Rc7+ Kh6 40. Rc4 g5 41. Rc6+ Kh5 42. Kg1 a5 43. Kh2 a4 44. Kg1 a3 45. Kh2 Rb2 46. Ra6 a2 47. Ra4 Kg6 48. Ra5 Kf6 49. Ra6+ Ke5 50. Ra8 Kd4 51. Rd8+ Kc3 52. Rc8+ Kd3 53. Rd8+ Kc2 0-1

[Event "Titled Tuesday intern op 26th Sep Early"]
[Site "Chess.com INT"]
[Date "2023.09.26"]
[Round "2"]
[White "Ramirez Marin, Ivan"]
[Black "Sanhueza, Cristian"]
[Result "0-1"]
[WhiteElo "2231"]
[BlackElo "2213"]
[PlyCount "154"]
[EventDate "2023.09.26"]
[EventType "swiss (blitz)"]
[EventRounds "11"]
[EventCountry "USA"]
[SourceTitle "EXT 2024"]
[Source "ChessBase"]
[SourceDate "2023.10.10"]
[SourceVersion "1"]
[SourceVersionDate "2023.10.10"]
[SourceQuality "1"]

1. d4 Nf6 2. c4 g6 3. Nc3 Bg7 4. e4 d6 5. h3 0-0 6. Be3 c5 7. Nf3 cxd4 8. Nxd4 Nc6 9. Be2 Bd7 10. 0-0 Nxd4 11. Bxd4 Bc6 12. Qc2 a5 13. Rad1 a4 14. c5 Qa5 15. cxd6 exd6 16. Bxf6 Bxf6 17. Rxd6 Be5 18. Rdd1 a3 19. Rc1 axb2 20. Qxb2 Bxe4 21. Bc4 Rac8 22. Qb3 Bxc3 23. Rxc3 Qg5 24. Rg3 Qc5 25. Be2 Qc2 26. Bb5 Qxb3 27. Rxb3 Rc2 28. a4 Rd8 29. Re1 f5 30. f3 Bd5 31. Rd3 Kg7 32. Re7+ Kf6 33. Rxh7 f4 34. Kh2 Rcc8 35. h4 Be6 36. Rxd8 Rxd8 37. Rxb7 Rd2 38. Rb6 Ke7 39. a5 Bd5 40. Bf1 Bxf3 41. Rxg6 Ra2 42. Kh3 Be4 43. Rg5 Kf6 44. a6 Ra1 45. Bc4 Ra4 46. Rc5 Ra3+ 47. Kg4 Bxg2 48. Kxf4 Ra4 49. Ke3 Ra3+ 50. Kd4 Ra1 51. Rc7 Rc1 52. Kc5 Rb1 53. a7 Ra1 54. Bd5 Rc1+ 55. Kd6 Rxc7 56. Bxg2 Rxa7 57. Bd5 Kg7 58. h5 Ra5 59. Bf3 Kh6 60. Be2 Ra2 61. Ke5 Rd2 62. Bf3 Rd3 63. Kf4 Ra3 64. Bg4 Ra5 65. Bf3 Ra4+ 66. Kg3 Ra5 67. Kf4 Ra4+ 68. Kg3 Kg5 69. Kf2 Kf4 70. Be2 Ra2 71. h6 Ra7 72. Bd3 Ra2+ 73. Ke1 Rh2 74. h7 Ke3 75. Bf1 Rxh7 76. Bc4 Rh1+ 77. Bf1 Rg1 0-1

[Event "Titled Tuesday intern op 05th Sep Early"]
[Site "Chess.com INT"]
[Date "2023.09.05"]
[Round "10"]
[White "Fiorito, Joaquin"]
[Black "Sanhueza, Cristian"]
[Result "1-0"]
[WhiteElo "2399"]
[BlackElo "2213"]
[PlyCount "51"]
[EventDate "2023.09.05"]
[EventType "swiss (blitz)"]
[EventRounds "11"]
[EventCountry "USA"]
[SourceTitle "EXT 2024"]
[Source "ChessBase"]
[SourceDate "2023.10.10"]
[SourceVersion "1"]
[SourceVersionDate "2023.10.10"]
[SourceQuality "1"]

1. d4 Nf6 2. Nc3 g6 3. e4 d6 4. Be3 Bg7 5. Qd2 c6 6. Bh6 Bxh6 7. Qxh6 Qa5 8. Bd3 Nbd7 9. Nf3 e5 10. dxe5 dxe5 11. 0-0-0 b5 12. Nxe5 b4 13. Nxd7 Bxd7 14. Nb1 0-0-0 15. Bc4 Nxe4 16. Qf4 Rhe8 17. Rhe1 f5 18. f3 g5 19. Qe3 Nc3 20. Qxg5 Nxd1 21. Rxd1 Qe5 22. Nd2 Be6 23. Bd3 Bxa2 24. Qh4 a5 25. Qxh7 Bd5 26. Ba6+ 1-0

[Event "Titled Tuesday intern op 05th Sep Early"]
[Site "Chess.com INT"]
[Date "2023.09.05"]
[Round "1"]
[White "Sanhueza, Cristian"]
[Black "Grigoriants, Sergey"]
[Result "0-1"]
[WhiteElo "2213"]
[BlackElo "2562"]
[PlyCount "108"]
[EventDate "2023.09.05"]
[EventType "swiss (blitz)"]
[EventRounds "11"]
[EventCountry "USA"]
[SourceTitle "EXT 2024"]
[Source "ChessBase"]
[SourceDate "2023.10.10"]
[SourceVersion "1"]
[SourceVersionDate "2023.10.10"]
[SourceQuality "1"]

1. e4 c5 2. Nf3 Nc6 3. d4 cxd4 4. Nxd4 Nf6 5. Nc3 e6 6. a3 Be7 7. Be2 0-0 8. 0-0 d6 9. Be3 e5 10. Nf3 h6 11. Bc4 Be6 12. Bb3 Na5 13. Ba2 Nc4 14. Bxc4 Bxc4 15. Re1 Be6 16. Qe2 Qc7 17. Red1 Qc6 18. Nd2 Rfc8 19. h3 a6 20. Qf3 b5 21. Rac1 a5 22. Nf1 b4 23. Nd5 Bxd5 24. exd5 Qc4 25. axb4 Qxb4 26. Ng3 Nh7 27. Nf5 Bf8 28. Qg3 Kh8 29. b3 Qe4 30. Qg4 Nf6 31. Qxe4 Nxe4 32. c4 h5 33. f3 Nc5 34. Rb1 g6 35. Ng3 f5 36. f4 Bg7 37. Ne2 Ne4 38. fxe5 Bxe5 39. Rbc1 Kh7 40. Bd4 Bg7 41. Bxg7 Kxg7 42. Nd4 Kf6 43. Ne6 Nc5 44. Nxc5 Rxc5 45. Re1 Ra6 46. Re6+ Kg5 47. g3 Rb6 48. Rc3 a4 49. bxa4 Ra5 50. h4+ Kh6 51. Rce3 Rxa4 52. Re7 Ra1+ 53. Kg2 Rb2+ 54. Kf3 Rf1# 0-1

[Event "Titled Tuesday intern op 05th Sep Early"]
[Site "Chess.com INT"]
[Date "2023.09.05"]
[Round "5"]
[White "Tqebuchava, Zurab"]
[Black "Sanhueza, Cristian"]
[Result "0-1"]
[WhiteElo "2303"]
[BlackElo "2213"]
[PlyCount "98"]
[EventDate "2023.09.05"]
[EventType "swiss (blitz)"]
[EventRounds "11"]
[EventCountry "USA"]
[SourceTitle "EXT 2024"]
[Source "ChessBase"]
[SourceDate "2023.10.10"]
[SourceVersion "1"]
[SourceVersionDate "2023.10.10"]
[SourceQuality "1"]

1. e4 e5 2. Nf3 Nc6 3. Bb5 a6 4. Ba4 Nf6 5. 0-0 Nxe4 6. Re1 Nc5 7. Bxc6 dxc6 8. Nxe5 Be7 9. d4 Ne6 10. c3 0-0 11. h3 f6 12. Nf3 Rf7 13. Nbd2 c5 14. Nb3 cxd4 15. cxd4 Qd5 16. Be3 b6 17. Rc1 Bb7 18. Qd3 Rd8 19. Qf1 Bb4 20. Red1 Rfd7 21. Qc4 Qxc4 22. Rxc4 Bxf3 23. gxf3 a5 24. a3 Bf8 25. Rdc1 Kf7 26. Kg2 b5 27. Rc6 a4 28. Na5 f5 29. f4 g5 30. Kf3 gxf4 31. Rxe6 Kxe6 32. Bxf4 Bd6 33. Bxd6 Rxd6 34. Nb7 Rxd4 35. Nxd8+ Rxd8 36. Rxc7 Rd2 37. Rxh7 Rxb2 38. Rh6+ Ke5 39. Rb6 Kd5 40. h4 Kc5 41. Rb8 Rb3+ 42. Kf4 Rxa3 43. h5 b4 44. h6 Rh3 45. Kg5 a3 46. Rc8+ Kd6 47. Rd8+ Ke7 48. Rd4 a2 49. Rd1 b3 0-1

[Event "Titled Tuesday intern op 22nd Aug Late"]
[Site "Chess.com INT"]
[Date "2023.08.22"]
[Round "5"]
[White "Martinez Ramirez, Lennis"]
[Black "Sanhueza, Cristian"]
[Result "1-0"]
[WhiteElo "2457"]
[BlackElo "2215"]
[PlyCount "63"]
[EventDate "2023.08.22"]
[EventType "swiss (blitz)"]
[EventRounds "11"]
[EventCountry "USA"]
[SourceTitle "EXT 2024"]
[Source "ChessBase"]
[SourceDate "2023.10.10"]
[SourceVersion "1"]
[SourceVersionDate "2023.10.10"]
[SourceQuality "1"]

1. Nf3 Nf6 2. c4 g6 3. b4 Bg7 4. Bb2 0-0 5. g3 a5 6. b5 d6 7. Bg2 e5 8. 0-0 Nbd7 9. Nc3 Nc5 10. d3 Be6 11. Nd2 Qd7 12. Nb3 Nxb3 13. axb3 c6 14. Qd2 d5 15. Na4 Qc7 16. b6 Qd6 17. Ba3 Qd7 18. Nc5 Qc8 19. Nxe6 Qxe6 20. Bxf8 Bxf8 21. Rxa5 Rd8 22. c5 e4 23. d4 Ng4 24. Qf4 f5 25. Ra7 Rd7 26. h3 Nf6 27. e3 Kf7 28. Qb8 Qe7 29. Rfa1 g5 30. Rxb7 Rxb7 31. Qxb7 Qxb7 32. Ra7 1-0

[Event "Titled Tuesday intern op 22nd Aug Late"]
[Site "Chess.com INT"]
[Date "2023.08.22"]
[Round "7"]
[White "Salimova, Nurgyul"]
[Black "Sanhueza, Cristian"]
[Result "1-0"]
[WhiteElo "2403"]
[BlackElo "2215"]
[PlyCount "49"]
[EventDate "2023.08.22"]
[EventType "swiss (blitz)"]
[EventRounds "11"]
[EventCountry "USA"]
[SourceTitle "EXT 2024"]
[Source "ChessBase"]
[SourceDate "2023.10.10"]
[SourceVersion "1"]
[SourceVersionDate "2023.10.10"]
[SourceQuality "1"]

1. d4 Nf6 2. Nf3 g6 3. a4 Bg7 4. a5 0-0 5. g3 d6 6. Bg2 c5 7. 0-0 cxd4 8. Nxd4 e5 9. Nb5 d5 10. Bg5 Be6 11. c4 d4 12. Bxb7 Nbd7 13. Nd2 Rb8 14. a6 Nc5 15. Bg2 h6 16. Bxf6 Bxf6 17. Nxa7 Rxb2 18. Nc6 Qc7 19. a7 Ra8 20. Ne7+ Bxe7 21. Bxa8 Rxd2 22. Qxd2 Nb3 23. Qa2 Nxa1 24. Bd5 Bxd5 25. cxd5 1-0